Normal view
MARC view
- Barraza Barraza, Diana
Entry Nombre Personal
001 - NUMERO DE CONTROL
- campo de control: 59570
003 - IDENTIFICADOR DE NUMERO DE CONTROL
- campo de control: UPN
005 - FECHA Y HORA DE LA ÜLTIMA TRANSACCIÓN
- campo de control: 20260519113643.0
008 - DATOS DE LONGITUD FIJA
- campo de control de longitud fija: 260519|| acz||aabn | a|a d
024 ## - OTROS IDENTIFICADORES NORMALIZADOS
- Fuente: orcid
- Número normalizado o código: https://orcid.org/0000-0002-6041-4657
040 ## - FUENTE DE CATALOGACIÓN
- Agencia original de catalogación: MX-MxUPN
100 1# - ENCABEZAMIENTO - NOMBRE PERSONAL
- Nombre personal: Barraza Barraza, Diana
370 ## - LUGAR ASOCIADO
- Place of birth: Durango, México
372 ## - CAMPO DE ACTIVIDAD
- Field of activity: Ciencias Exactas
- Field of activity: Docencia e investigación
373 ## - GRUPO ASOCIADO
- Associated group: Universidad Juárez del Estado de Durango
374 ## - OCUPACIÓN
- Occupation: Doctora en Ciencias de la ingeniería, con especialidad en ingeniería industrial
- Occupation: Profesora e investigadora universitaria
670 ## - FUENTE EN LA QUE SE LOCALIZARON DATOS
- Cita de la fuente: En recurso en línea: Investigación educativa duranguense, Vol. 27 no. 26, (2026):
- Información localizada: página 11 (Diana Barraza Barraza)
- Uniform Resource Identifier: https://editorialupd.mx/revistas/index.php/ined/article/view/237/291
902 ## - CATALOGADOR
- Catalogador: RGJD/190526
